<?xml version="1.0" encoding="UTF-8"?>
<record
    xmlns:xsi="http://www.w3.org/2001/XMLSchema-instance"
    xsi:schemaLocation="http://www.loc.gov/MARC21/slim http://www.loc.gov/standards/marcxml/schema/MARC21slim.xsd"
    xmlns="http://www.loc.gov/MARC21/slim">

  <leader>01795nam a2200205 a 4500</leader>
  <controlfield tag="008">011117e2001    ag  |||g |||| 000 j spa d</controlfield>
  <datafield tag="020" ind1=" " ind2=" ">
    <subfield code="a">9879298020</subfield>
  </datafield>
  <datafield tag="041" ind1=" " ind2=" ">
    <subfield code="a">spa</subfield>
  </datafield>
  <datafield tag="092" ind1=" " ind2=" ">
    <subfield code="c">808</subfield>
    <subfield code="l">41</subfield>
    <subfield code="s">ITA</subfield>
  </datafield>
  <datafield tag="100" ind1="1" ind2=" ">
    <subfield code="a">Italiano, Carlos Cristian</subfield>
    <subfield code="9">3540</subfield>
  </datafield>
  <datafield tag="245" ind1=" " ind2=" ">
    <subfield code="a">Imaginaciones del hemisferio derecho /</subfield>
    <subfield code="c">Carlos Cristian Italiano</subfield>
  </datafield>
  <datafield tag="250" ind1=" " ind2=" ">
    <subfield code="a">1a ed.</subfield>
  </datafield>
  <datafield tag="260" ind1=" " ind2=" ">
    <subfield code="a">San Luis:</subfield>
    <subfield code="b">Anello;</subfield>
    <subfield code="c">2001.</subfield>
  </datafield>
  <datafield tag="300" ind1=" " ind2=" ">
    <subfield code="a">73 p.</subfield>
  </datafield>
  <datafield tag="500" ind1=" " ind2=" ">
    <subfield code="a">Italiano, C. C. (2001). Imaginaciones del hemisferio derecho. (1a ed.). San Luis : Anello.</subfield>
  </datafield>
  <datafield tag="505" ind1=" " ind2=" ">
    <subfield code="a">Estudiar Anatom&#xED;a pone en evidencia los claros l&#xED;mites que separan a un ser vivo de otro muerto. Cualquiera puede diferenciar cad&#xE1;veres de personas vivas, aulas de estudios donde hay cuerpos en formol de una buena reuni&#xF3;n de amigos. Esta es la historia de dos hermanos, ambos de aqu&#xED;, de Argentina. Los dos nacieron hace m&#xE1;s de cien a&#xF1;os, ciento cincuenta, quiz&#xE1;s m&#xE1;s, a&#xFA;n conviven entre nosotros y es seguro que en alg&#xFA;n momento los podremos ver. La terapia intensiva es un mundo dif&#xED;cil para vivir. No hago referencia solo al paciente o su familiar sino a aquellos que en ese lugar est&#xE1;n obligados permanentemente a pregonar la importancia de la salud. Atraves&#xF3; el f&#xE9;retro y la tierra sin dificultad. Cuando estuvo arriba era un figura mas recorriendo el cementerio. Not&#xF3; que su chuequera no lo molestaba en absoluto y que, adem&#xE1;s, era imperceptible para las personas, quienes no se inmutaban si &#xE9;l las atravesaba deambulando. Normalmente yo no rechazaba a las ara&#xF1;as. Nunca me parecieron ofensivas y probablemente, a partir de una clase de biolog&#xED;a en el Colegio Nacional de La Plata, comenzaron a resultarme francamente simp&#xE1;ticas.  </subfield>
  </datafield>
  <datafield tag="590" ind1=" " ind2=" ">
    <subfield code="a">Donaci&#xF3;n. Proyecto Literatura 4to libro</subfield>
  </datafield>
  <datafield tag="655" ind1=" " ind2=" ">
    <subfield code="a">Literatura</subfield>
    <subfield code="9">2917</subfield>
  </datafield>
  <datafield tag="942" ind1=" " ind2=" ">
    <subfield code="2">ddc</subfield>
    <subfield code="c">LIT</subfield>
  </datafield>
  <datafield tag="999" ind1=" " ind2=" ">
    <subfield code="c">2697</subfield>
    <subfield code="d">2697</subfield>
  </datafield>
  <datafield tag="952" ind1=" " ind2=" ">
    <subfield code="0">0</subfield>
    <subfield code="1">0</subfield>
    <subfield code="2">ddc</subfield>
    <subfield code="4">0</subfield>
    <subfield code="7">0</subfield>
    <subfield code="a">BFM</subfield>
    <subfield code="b">BFM</subfield>
    <subfield code="c">CR</subfield>
    <subfield code="d">2018-03-08</subfield>
    <subfield code="e">Donaci&#xF3;n Dr. Julio Arce, Marzo 2018.</subfield>
    <subfield code="l">0</subfield>
    <subfield code="o">808 41 ITA</subfield>
    <subfield code="p">4204</subfield>
    <subfield code="r">2018-03-08</subfield>
    <subfield code="t">Ej. 1</subfield>
    <subfield code="w">2018-03-08</subfield>
    <subfield code="y">LIT</subfield>
    <subfield code="z">Proyecto 4to libro. Donaci&#xF3;n Dr. Julio Arce, Marzo 2018.</subfield>
  </datafield>
</record>
